Elektronicky dodávané služby v rámci krajín EÚ

Elektronicky dodávané služby zahŕňajú služby poskytované cez internet alebo elektronickú sieť a vďaka ich povahe je ich poskytovanie z veľkej časti automatizované prostredníctvom informačných technológií.

Gespeichert in:
Bibliographische Detailangaben
1. Verfasser: Kolembus, Anton
Format: Buchkapitel
Sprache:Slowakisch
Schlagworte:
Tags: Tag hinzufügen
Keine Tags, Fügen Sie das erste Tag hinzu!

MARC

LEADER 00000naa a2200000 4500
001 0175691
005 20231208085920.9
041 0 |a slo 
044 |a SK 
245 1 0 |a Elektronicky dodávané služby v rámci krajín EÚ  |c Anton Kolembus 
520 |a Elektronicky dodávané služby zahŕňajú služby poskytované cez internet alebo elektronickú sieť a vďaka ich povahe je ich poskytovanie z veľkej časti automatizované prostredníctvom informačných technológií. 
610 2 0 |a služby elektronické 
610 2 0 |a Európska únia 
610 2 0 |a technológie informačné 
610 2 0 |a dane z hodnoty pridanej 
100 1 |a Kolembus, Anton